| 000 | 01412cam a22004334i 4500 | ||
|---|---|---|---|
| 003 | PE-LiUPU | ||
| 005 | 20260407104142.0 | ||
| 008 | 150616s r 000 0 d | ||
| 035 | _a(Sirsi) a5674 | ||
| 040 |
_aPE-LiUPU _bspa _cPE-LiUPU _erda |
||
| 049 | _aPRUA | ||
| 082 | 0 | 4 |
_a270.1 _bA347i _221 |
| 100 |
_9342 _aAlcañiz, P. Florentino _eautor |
||
| 245 | 1 | 3 |
_aLa Iglesia Patrística y la Parusia / _cFlorentino Alcañiz y L. Castellani. |
| 264 | 1 |
_aBuenos Aires : _bEdiciones Paulinas, _c1962. |
|
| 300 |
_a358 páginas ; _c20 cm. |
||
| 336 |
_atext _2rdacontent |
||
| 337 |
_aunmediated _2rdamedia |
||
| 338 |
_avolume _2rdacarrier |
||
| 505 | 0 | _aDeclaración y división del Milenismo.- El Milenismo en el siglo III hasta el siglo V.- Símbolos; resumen de la doctrina patrística. | |
| 526 | _aSEG42 | ||
| 526 | _aSEG41 | ||
| 526 | _aSEG40 | ||
| 526 | _aSEG39 | ||
| 526 | _aP94 | ||
| 526 | _aP87 | ||
| 526 | _aP86 | ||
| 526 | _aP85 | ||
| 526 | _aP77 | ||
| 526 | _aP76 | ||
| 526 | _aP35 | ||
| 650 | 0 | 0 |
_aPadres de la iglesia _xTeología _9281 |
| 700 |
_9343 _aCastellani, L. _eautor |
||
| 910 | _ajck | ||
| 942 |
_2ddc _cBOOK |
||
| 949 |
_a281 C29 _wDEWEY _c1 _i39381 _lCCODEBUL1 _mBUL _p00.00 _r0 _sY _tBOOK _u19950927 _xTEOLOGIA _zUNKNOWN _0COMPRA _o.STAFF. Colección General |
||
| 980 |
_818226 _gJaime Vilcazán Jefe de Análisis Documental |
||
| 999 |
_c56728 _d56728 |
||